Promoting EU Values in International Agreements

Identifikácia medzinárodných zmlúv uzatvorených medzi EÚ a jej členskými štátmi a ďalšími subjektmi medzinárodného práva, vrátane hodnôt, uvedených v zmluve. Uzatváranie medzinárodných a obchodných zmlúv na úrovni EÚ. Štruktrúra zmlúv.

Salvato in:
Dettagli Bibliografici
Autore principale: Jančíková, Eva, 1960-
Altri autori: Pásztorová, Janka, 1960-
Natura: Capitolo di libro
Lingua:inglese
Soggetti:
Tags: Aggiungi Tag
Nessun Tag, puoi essere il primo ad aggiungerne!!

MARC

LEADER 00000naa a2200000 4500
001 0279221
005 20250312084226.2
041 0 |a eng 
044 |a RO 
245 1 0 |a Promoting EU Values in International Agreements  |c Eva Jančíková, Janka Pásztorová 
520 |a Identifikácia medzinárodných zmlúv uzatvorených medzi EÚ a jej členskými štátmi a ďalšími subjektmi medzinárodného práva, vrátane hodnôt, uvedených v zmluve. Uzatváranie medzinárodných a obchodných zmlúv na úrovni EÚ. Štruktrúra zmlúv. 
610 2 0 |a dohody medzinárodné 
610 2 0 |a globalizácia 
610 2 0 |a internacionalizácia 
610 2 0 |a právo medzinárodné 
610 2 0 |a zmluvy obchodné 
610 2 0 |a Európska únia 
100 1 |a Jančíková, Eva, 1960- 
700 1 |a Pásztorová, Janka, 1960-